| 000 | 01039nam a2200289 i 4500 | ||
|---|---|---|---|
| 003 | EG-GICUC | ||
| 005 | 20260414082217.0 | ||
| 008 | 260414s1982 ua |||fr|||| 00| 0 ara d | ||
| 040 |
_a EG-GICUC _bara _c EG-GICUC _d EG-GICUC _erda |
||
| 082 | 0 | 4 |
_221 _a343.6 _bع م . م |
| 092 | 0 | 4 | _221 |
| 099 | _aLaw1 10 343.6 ع م . م 1982 | ||
| 100 | 1 |
_aعبد المنعم العوضي _eمؤلف. |
|
| 245 | 1 | 2 |
_aالمبادئ العلمية : _bلدراسة الاجرام والعقاب / _cالدكتور عبد المنعم العوضي. |
| 264 | 1 |
_aالقاهرة : _bدار الفكر العربي، _c1982. |
|
| 300 |
_a255 صفحة ؛ _c24 سم. |
||
| 336 |
_2rda content _atext |
||
| 337 |
_2rda media _aComputer |
||
| 338 |
_2rda carrier _aOnline Resource |
||
| 546 | _aالنص باللغة العربية | ||
| 650 | 1 | 4 |
_aعلم الاجرام _2qrmak |
| 650 | 1 | 4 | _aعلم العقاب |
| 651 | 1 | _2qrmak | |
| 856 | 4 | 0 | _uhttps://fll.law.cu.edu.eg/fulltext/bks/B10-09121.pdf |
| 905 |
_a161 _eYara |
||
| 942 |
_2ddc _cBK _e21 _n0 |
||
| 999 |
_c70713 _d70713 |
||